[Event "Untergrombach op 37th"]
[Site "Untergrombach"]
[Date "2020.01.02"]
[Round "1"]
[White "Moisa, Ghita"]
[Black "Pogan, Nikolas"]
[Result "0-1"]
[WhiteElo "1842"]
[BlackElo "2244"]
[PlyCount "62"]
[EventDate "2020.01.02"]
[EventType "swiss"]
[EventRounds "7"]
[EventCountry "GER"]
[SourceTitle "CBM 194 Extra"]
[Source "ChessBase"]
[SourceDate "2020.03.31"]
[SourceVersion "1"]
[SourceVersionDate "2020.03.31"]
[SourceQuality "1"]

1. e4 c6 2. d4 d5 3. Nc3 dxe4 4. Nxe4 Bf5 5. Ng3 Bg6 6. h4 h6 7. h5 Bh7 8. Nf3 e6 9. Bd3 Bxd3 10. Qxd3 c5 11. Be3 Nc6 12. 0-0 Nf6 13. Rad1 Qa5 14. Ne5 Rd8 15. Qb3 cxd4 16. Nxc6 bxc6 17. Bxd4 Be7 18. Qb7 c5 19. Bc3 Qb6 20. Rxd8+ Bxd8 21. Qf3 0-0 22. Ne4 Nd5 23. Be5 Be7 24. c4 Nb4 25. a3 Nc6 26. Bc3 a5 27. Rd1 Nd4 28. Qe3 e5 29. Rd2 f5 30. Nxc5 Qxc5 31. f4 Nf3+ 0-1